000 01103cam a2200277 i 4500
005 20160130142750.0
008 040603s2002 ck ad r 000 0 spa d
015 _aSSS
020 _a9589723500
040 _aCO-BoPUJ
_cCO-BoIAVH
041 0 _aspa
044 _ack
082 0 4 _a581.634
_bC91p
100 _aCárdenas López, Dairon
245 1 0 _aPlantas útiles de Lagarto Cocha y Serranía de Churumbelo en el departamento de Putumayo /
_cDairon Cárdenas López y (otros cuatro autores).
260 _aBogotá :
_bInstituto Amazónico de Investigaciones Científicas,
_c2002.
300 _a39 páginas :
_bilustraciones, cuadros y fotos a color
_c24 cm.
504 _aIncluye referencias bibliográficas (p. 38-39).
650 1 4 _aBotánica económica
_zPutumayo (Colombia)
650 2 4 _aBotánica médica
_zPutumayo (Colombia)
650 2 4 _aPlantas medicinales
_zPutumayo (Colombia)
650 2 4 _aPlantas útiles
_zPutumayo (Colombia)
700 1 _aMarín Corba, César Augusto,
_eautor.
710 2 _aColciencias
942 _2ddc
_cLIBRO
999 _c3526
_d3526